[Event "Zagreb Open 2011 Grupo B"]
[Site "Zagreb CRO"]
[Date "2011.04.17"]
[Round "8.17"]
[White "Zecevic, Dean"]
[Black "Gorupec, Mladen"]
[Result "1-0"]
[WhiteElo "2215"]
[BlackElo "2025"]
[PlyCount "93"]
[EventDate "2011.04.11"]
[EventType "swiss"]
[EventRounds "9"]
[EventCountry "CRO"]
[Source "lmi"]
[SourceDate "2011.04.11"]

1. e4 d6 2. d4 Nf6 3. Nc3 g6 4. f4 Bg7 5. Nf3 c5 6. dxc5 Qa5 7. Bd3 Qxc5 8. Qe2
Bg4 9. Be3 Qa5 10. O-O O-O 11. h3 Bxf3 12. Qxf3 Nc6 13. a3 Nd7 14. Bd2 Rac8 15.
Kh1 a6 16. Ra2 e6 17. b4 Qc7 18. Nd1 b5 19. Ne3 Nb6 20. c3 Rfd8 21. Rc2 d5 22.
e5 Rd7 23. Be1 Qd8 24. Ng4 Nc4 25. Ra2 d4 26. Be4 Rdc7 27. Bxc6 Rxc6 28. cxd4
Qxd4 29. Bf2 Qd5 30. Qxd5 exd5 31. Rd1 Rd8 32. Bd4 h5 33. Nf2 Bf8 34. Nd3 Be7
35. g4 hxg4 36. hxg4 f6 37. a4 fxe5 38. fxe5 bxa4 39. Rxa4 Bg5 40. Rda1 a5 41.
bxa5 Be3 42. Bxe3 Nxe3 43. a6 Rc4 44. a7 Ra8 45. Rb4 Nxg4 46. Rb8+ Rc8 47.
Rxc8+ 1-0

[Event "Zagreb Open 2011 Grupo B"]
[Site "Zagreb CRO"]
[Date "2011.04.17"]
[Round "8.18"]
[White "Strniscak, Tomislav"]
[Black "Turk, Karlo"]
[Result "1-0"]
[WhiteElo "2212"]
[BlackElo "1986"]
[PlyCount "101"]
[EventDate "2011.04.11"]
[EventType "swiss"]
[EventRounds "9"]
[EventCountry "CRO"]
[Source "lmi"]
[SourceDate "2011.04.11"]

1. e4 e6 2. d4 d5 3. e5 c5 4. c3 Nc6 5. Nf3 Rb8 6. Be2 b5 7. O-O Qb6 8. dxc5
Bxc5 9. b4 Bf8 10. Be3 Qc7 11. Nd4 Nxd4 12. Bxd4 Ne7 13. a4 a6 14. axb5 axb5
15. Ra7 Qc6 16. Ra5 Bd7 17. Na3 Qc8 18. Nxb5 Nc6 19. Na7 Nxa7 20. Bxa7 Ra8 21.
Qd4 Be7 22. Rfa1 O-O 23. Bf3 Bd8 24. R5a3 Bb5 25. Bc5 Rxa3 26. Rxa3 Re8 27. Ra7
Qb8 28. Qe3 Bc7 29. Bd4 Rc8 30. h3 g6 31. Qf4 Be8 32. Qe3 Bb5 33. h4 Bd8 34. h5
Rc7 35. Ra1 Be7 36. g3 Qf8 37. Kg2 h6 38. hxg6 fxg6 39. Bg4 Bd7 40. Qd3 Kf7 41.
Ra6 Qc8 42. Ra1 h5 43. Bf3 Qh8 44. Qe3 Be8 45. Ra8 g5 46. Bxd5 Kg6 47. Ra6 Bd7
48. Bxe6 Bxe6 49. Rxe6+ Kf7 50. Ra6 Qc8 51. Qf3+ 1-0

[Event "Zagreb Open 2011 Grupo B"]
[Site "Zagreb CRO"]
[Date "2011.04.17"]
[Round "8.19"]
[White "Barlovic, Tomislav"]
[Black "Vrsek, Ivan"]
[Result "1/2-1/2"]
[WhiteElo "2002"]
[BlackElo "2204"]
[PlyCount "96"]
[EventDate "2011.04.11"]
[EventType "swiss"]
[EventRounds "9"]
[EventCountry "CRO"]
[Source "lmi"]
[SourceDate "2011.04.11"]

1. Nc3 d5 2. e4 e6 3. Nf3 Nf6 4. d3 dxe4 5. Nxe4 Be7 6. Be2 b6 7. O-O Bb7 8.
Nc3 Nbd7 9. a4 a6 10. Bf4 O-O 11. Re1 Bb4 12. Bd2 Bd6 13. Ng5 h6 14. Nge4 Nxe4
15. Nxe4 Be5 16. Bc3 Bxe4 17. Bxe5 Bxg2 18. Bxg7 Kxg7 19. Kxg2 Rg8 20. Bf3 Rb8
21. Kh1 Qh4 22. Qd2 Nf6 23. Rg1+ Kh7 24. Rg3 Rg5 25. b3 Rbg8 26. Rag1 c5 27.
Qe3 Qd4 28. Be4+ Nxe4 29. Qxe4+ Qxe4+ 30. dxe4 Rxg3 31. Rxg3 Rd8 32. Rd3 Rxd3
33. cxd3 Kg6 34. Kg2 Kg5 35. Kg3 e5 36. h4+ Kg6 37. Kg4 h5+ 38. Kg3 f6 39. Kf3
Kf7 40. Ke3 Ke6 41. Kd2 Kd6 42. Kc3 b5 43. axb5 axb5 44. Kb2 Kc6 45. Kc3 Kb6
46. Kb2 Ka5 47. Ka3 Ka6 48. Ka2 Ka5 1/2-1/2

[Event "Zagreb Open 2011 Grupo B"]
[Site "Zagreb CRO"]
[Date "2011.04.17"]
[Round "8.21"]
[White "Vrankovic, Ivan"]
[Black "Dragojevic, Miodrag"]
[Result "0-1"]
[WhiteElo "1813"]
[BlackElo "2156"]
[PlyCount "76"]
[EventDate "2011.04.11"]
[EventType "swiss"]
[EventRounds "9"]
[EventCountry "CRO"]
[Source "lmi"]
[SourceDate "2011.04.11"]

1. e4 b6 2. d4 Bb7 3. Nc3 e6 4. Nf3 Bb4 5. Bd3 Nf6 6. Qe2 d5 7. e5 Ne4 8. Bd2
Nxd2 9. Qxd2 c5 10. Bb5+ Bc6 11. Bxc6+ Nxc6 12. a3 Bxc3 13. bxc3 O-O 14. O-O
Qe7 15. Rfd1 Na5 16. Qg5 Qxg5 17. Nxg5 Rfc8 18. Ra2 Rc7 19. g3 Rac8 20. Rd2
cxd4 21. cxd4 Rc3 22. Kf1 R8c4 23. Ke2 h6 24. Nf3 g5 25. h3 Nc6 26. a4 Kf8 27.
Ne1 Nxd4+ 28. Kd1 Nc6 29. Nd3 Nb4 30. Nxb4 Rxb4 31. Rd3 Rcc4 32. a5 b5 33. Rb3
a6 34. Rxb4 Rxb4 35. c3 Re4 36. Re2 Ra4 37. Kc2 Rxa5 38. Kb3 Ra4 0-1

[Event "Zagreb Open 2011 Grupo B"]
[Site "Zagreb CRO"]
[Date "2011.04.17"]
[Round "8.23"]
[White "Blazeka, Damjan"]
[Black "Sunjic, Vitomir"]
[Result "1/2-1/2"]
[WhiteElo "2060"]
[BlackElo "2212"]
[PlyCount "49"]
[EventDate "2011.04.11"]
[EventType "swiss"]
[EventRounds "9"]
[EventCountry "CRO"]
[Source "lmi"]
[SourceDate "2011.04.11"]

1. e4 e5 2. Nf3 Nc6 3. Bb5 a6 4. Ba4 Nf6 5. O-O b5 6. Bb3 Nxe4 7. Bd5 Nf6 8.
Bxc6 dxc6 9. Nxe5 Bb7 10. Re1 Be7 11. b3 O-O 12. Bb2 c5 13. d3 Qd5 14. Qf3 Bd6
15. Nd2 Rfe8 16. Qxd5 Bxd5 17. Re2 Nh5 18. Re3 f6 19. Nef3 Kf7 20. g3 Rxe3 21.
fxe3 f5 22. e4 fxe4 23. Ng5+ Kg6 24. Ngxe4 Nf6 25. Bxf6 1/2-1/2

[Event "Zagreb Open 2011 Grupo B"]
[Site "Zagreb CRO"]
[Date "2011.04.17"]
[Round "8.25"]
[White "Bozicevic, Ivan"]
[Black "Ljubic, Juro"]
[Result "0-1"]
[WhiteElo "2011"]
[BlackElo "2189"]
[PlyCount "70"]
[EventDate "2011.04.11"]
[EventType "swiss"]
[EventRounds "9"]
[EventCountry "CRO"]
[Source "lmi"]
[SourceDate "2011.04.11"]

1. d4 Nf6 2. c4 e6 3. Nc3 Bb4 4. e3 O-O 5. Nf3 b6 6. Be2 Ne4 7. Qc2 Bb7 8. O-O
f5 9. Na4 Be7 10. a3 d6 11. b4 Nd7 12. Bb2 Qe8 13. Rfd1 Qg6 14. c5 Bd5 15. Nc3
Nxc3 16. Qxc3 bxc5 17. dxc5 dxc5 18. bxc5 Nxc5 19. Rxd5 exd5 20. Qe5 Qf7 21.
Qg3 Bf6 22. Ne5 Qe6 23. f4 Rab8 24. Ra2 Ne4 25. Qh3 Bxe5 26. Bxe5 Rb1+ 27. Bf1
c5 28. g4 fxg4 29. Qh4 Qa6 30. Rf2 Nxf2 31. Qxf2 g5 32. Kg2 Qxf1+ 33. Qxf1 Rxf1
34. Kxf1 gxf4 35. exf4 Kf7 0-1

[Event "Zagreb Open 2011 Grupo B"]
[Site "Zagreb CRO"]
[Date "2011.04.18"]
[Round "9.1"]
[White "Basaric, Srdjan"]
[Black "Ivanov, Borislav"]
[Result "0-1"]
[WhiteElo "2166"]
[BlackElo "2202"]
[PlyCount "62"]
[EventDate "2011.04.11"]
[EventType "swiss"]
[EventRounds "9"]
[EventCountry "CRO"]
[Source "lmi"]
[SourceDate "2011.04.11"]

1. e4 c6 2. d4 d5 3. exd5 cxd5 4. Bd3 Nc6 5. c3 Nf6 6. h3 e5 7. dxe5 Nxe5 8.
Bc2 Bc5 9. Ne2 O-O 10. O-O Re8 11. Nd4 Ne4 12. Nd2 Ng6 13. N2f3 Qb6 14. Bb3 Be6
15. Ng5 Nxg5 16. Bxg5 h6 17. Be3 Rad8 18. Qh5 Bc8 19. Rad1 Re5 20. Qf3 Rd6 21.
Nc2 Bf5 22. Qg3 Be4 23. Bxc5 Qxc5 24. Nd4 Rg5 25. Qh2 Rxg2+ 26. Qxg2 Bxg2 27.
Kxg2 Nf4+ 28. Kg3 Rf6 29. Rfe1 Qd6 30. Re8+ Kh7 31. Bc2+ g6 0-1

[Event "Zagreb Open 2011 Grupo B"]
[Site "Zagreb CRO"]
[Date "2011.04.18"]
[Round "9.3"]
[White "Curic, Drazen"]
[Black "Vadla, Zeljko"]
[Result "1-0"]
[WhiteElo "2264"]
[BlackElo "2156"]
[PlyCount "149"]
[EventDate "2011.04.11"]
[EventType "swiss"]
[EventRounds "9"]
[EventCountry "CRO"]
[Source "lmi"]
[SourceDate "2011.04.11"]

1. d4 Nf6 2. Nf3 c5 3. d5 b5 4. c4 b4 5. b3 g6 6. Bb2 Bg7 7. g3 O-O 8. Bg2 d6
9. O-O a5 10. a4 Ra7 11. Nbd2 e6 12. dxe6 fxe6 13. Qc2 Nc6 14. Rad1 Qe7 15. Ne4
Nxe4 16. Bxg7 Kxg7 17. Qxe4 Ra6 18. h4 Nd8 19. h5 Bb7 20. Qg4 Bxf3 21. Bxf3 Nf7
22. hxg6 hxg6 23. Bg2 Nh6 24. Qe4 Nf5 25. Rd3 Rb6 26. Rfd1 Qf6 27. Rf3 Qe7 28.
Bh3 Rf7 29. Rfd3 e5 30. e3 Qf6 31. R3d2 Ra7 32. Bg2 Nh6 33. Bf3 Nf7 34. Kg2 Ng5
35. Qd5 Rf7 36. Bg4 e4 37. Qa8 Nf3 38. Rc2 Qe7 39. Rh1 Rf8 40. Qd5 Rf6 41. Kf1
Rb8 42. Bxf3 Rxf3 43. Rh4 Re8 44. Rf4 Rxf4 45. exf4 Qf6 46. Re2 Qa1+ 47. Re1
Qb2 48. Qd1 Qc3 49. Re3 Qd4 50. Qe1 d5 51. cxd5 c4 52. bxc4 Qxc4+ 53. Kg1 Qxd5
54. Qa1+ Kf7 55. g4 Rd8 56. Kg2 Rc8 57. Kg3 b3 58. g5 Qe6 59. Qb2 Rb8 60. f3
Qb6 61. Re1 Rd8 62. Rh1 Rd4 63. Rh7+ Kg8 64. Qh2 Rd6 65. Rh8+ Kf7 66. Qh7+ Ke6
67. Qxg6+ Kd5 68. Qxe4+ Kc5 69. Rc8+ Rc6 70. Qe3+ Kb4 71. Qe4+ Kc5 72. Qe7+ Kc4
73. Qe6+ Kc5 74. Rxc6+ Qxc6 75. Qxb3 1-0

[Event "Zagreb Open 2011 Grupo B"]
[Site "Zagreb CRO"]
[Date "2011.04.18"]
[Round "9.4"]
[White "Kalajzic, Ivan"]
[Black "Savic, Miroslav"]
[Result "1/2-1/2"]
[WhiteElo "2200"]
[BlackElo "2260"]
[PlyCount "131"]
[EventDate "2011.04.11"]
[EventType "swiss"]
[EventRounds "9"]
[EventCountry "CRO"]
[Source "lmi"]
[SourceDate "2011.04.11"]

1. b3 d5 2. Bb2 Nf6 3. e3 c6 4. f4 Bg4 5. Be2 h5 6. Nf3 Nbd7 7. Ne5 Bxe2 8.
Qxe2 e6 9. O-O Bd6 10. Nxd7 Qxd7 11. d3 O-O-O 12. Nd2 Bc5 13. Nf3 Ng4 14. Ne5
Nxe5 15. fxe5 d4 16. exd4 Bxd4+ 17. Bxd4 Qxd4+ 18. Qf2 Rhf8 19. Rae1 Qxf2+ 20.
Rxf2 Kd7 21. Re4 Ke7 22. Ra4 a6 23. Rh4 g6 24. Kf1 Rd5 25. Re4 f6 26. exf6+
Rxf6 27. Rxf6 Kxf6 28. Ke2 Rg5 29. Kf3 Ra5 30. Rf4+ Rf5 31. Ke3 g5 32. Rd4 Rd5
33. c4 Ra5 34. a4 b5 35. axb5 axb5 36. Rd6 Ra3 37. Rxc6 b4 38. Ke4 Rxb3 39. d4
Ke7 40. Rc5 Kf6 41. h4 gxh4 42. Rxh5 Rg3 43. Rxh4 Rxg2 44. Rh7 Rg4+ 45. Kd3
Rg3+ 46. Kd2 Rc3 47. Rc7 Kf5 48. c5 Ke4 49. Rb7 Rc4 50. Rd7 b3 51. Rd6 Rc2+ 52.
Kd1 Kd3 53. Rxe6 Rc4 54. Rb6 Kc3 55. Kc1 Ra4 56. Kb1 Rxd4 57. Rd6 Ra4 58. Rh6
Re4 59. Rh3+ Kb4 60. c6 Ka3 61. Rh1 Rc4 62. Rc1 Rxc1+ 63. Kxc1 Ka2 64. c7 b2+
65. Kd2 b1=Q 66. c8=Q 1/2-1/2

[Event "Zagreb Open 2011 Grupo B"]
[Site "Zagreb CRO"]
[Date "2011.04.18"]
[Round "9.8"]
[White "Bender, Ivan"]
[Black "Blazeka, Matej"]
[Result "1-0"]
[WhiteElo "2276"]
[BlackElo "2163"]
[PlyCount "57"]
[EventDate "2011.04.11"]
[EventType "swiss"]
[EventRounds "9"]
[EventCountry "CRO"]
[Source "lmi"]
[SourceDate "2011.04.11"]

1. d4 d5 2. Nf3 Nf6 3. c4 c6 4. e3 e6 5. b3 Ne4 6. Bd3 Nd7 7. O-O f5 8. a4 Bd6
9. Ba3 Bb8 10. Ra2 Qf6 11. Rc2 Qh6 12. Nbd2 Ndf6 13. h3 g5 14. Ne5 Rg8 15. Bxe4
dxe4 16. f3 g4 17. fxg4 Qxe3+ 18. Kh1 h5 19. gxf5 exf5 20. Nxe4 Nxe4 21. Qxh5+
Kd8 22. Qh4+ Rg5 23. Qh8+ Kc7 24. Rf3 Qe1+ 25. Kh2 Ng3 26. Bd6+ Kxd6 27. Qd8+
Ke6 28. Qxc8+ Kf6 29. Qf8+ 1-0

[Event "Zagreb Open 2011 Grupo B"]
[Site "Zagreb CRO"]
[Date "2011.04.18"]
[Round "9.9"]
[White "Ostovic, Matija"]
[Black "Muskardin, Mario"]
[Result "1-0"]
[WhiteElo "2232"]
[BlackElo "2192"]
[PlyCount "105"]
[EventDate "2011.04.11"]
[EventType "swiss"]
[EventRounds "9"]
[EventCountry "CRO"]
[Source "lmi"]
[SourceDate "2011.04.11"]

1. Nf3 Nf6 2. c4 b6 3. Nc3 Bb7 4. d4 e6 5. Bg5 h6 6. Bh4 g5 7. Bg3 Nh5 8. Be5
Bg7 9. Bxg7 Nxg7 10. d5 d6 11. h4 gxh4 12. Qd4 e5 13. Qg4 Qf6 14. e3 Na6 15.
Ne4 Qg6 16. Qxg6 fxg6 17. Nxh4 Kf7 18. Ng3 g5 19. Nhf5 Nxf5 20. Nxf5 Bc8 21.
Ng3 Nc5 22. Kd2 Nd7 23. Ne4 Bb7 24. Bd3 Nf6 25. Raf1 Nxe4+ 26. Bxe4 h5 27. f4
exf4 28. exf4 g4 29. Rh4 Rh6 30. Rfh1 Rah8 31. Bf5 Kg7 32. Re1 Kf7 33. Re6 Rxe6
34. Bxe6+ Kg7 35. Rh1 Rh6 36. Ke3 c6 37. f5 Kf6 38. Kf4 Rh8 39. dxc6 Bxc6 40.
Rd1 Rd8 41. g3 Bf3 42. Rd3 Bc6 43. b4 Bb7 44. c5 d5 45. Ra3 Ra8 46. Bd7 bxc5
47. bxc5 Bc8 48. Bxc8 Rxc8 49. Ra6+ Kf7 50. Rxa7+ Kf6 51. Ra6+ Kf7 52. Kg5 Rxc5
53. Ra7+ 1-0

[Event "Zagreb Open 2011 Grupo B"]
[Site "Zagreb CRO"]
[Date "2011.04.18"]
[Round "9.10"]
[White "Tscharotschkin, Michael"]
[Black "Radmanovic, Danijel"]
[Result "1-0"]
[WhiteElo "2218"]
[BlackElo "1924"]
[PlyCount "58"]
[EventDate "2011.04.11"]
[EventType "swiss"]
[EventRounds "9"]
[EventCountry "CRO"]
[Source "lmi"]
[SourceDate "2011.04.11"]

1. d4 d5 2. Nf3 Nc6 3. c4 Bg4 4. Nc3 e6 5. cxd5 exd5 6. h3 Bxf3 7. exf3 Bb4 8.
Bb5 Nge7 9. O-O O-O 10. Bg5 f6 11. Be3 Qd6 12. Rc1 Nd8 13. Qb3 Bxc3 14. Rxc3 c6
15. Bd3 f5 16. g3 f4 17. Bxf4 Rxf4 18. gxf4 Qxf4 19. Re1 Nf7 20. Qxb7 Re8 21.
Qd7 Kf8 22. Qg4 Qd2 23. Re2 Qd1+ 24. Kh2 c5 25. dxc5 d4 26. Rb3 Qc1 27. Qxd4
Qh6 28. Bc4 Rd8 29. Qe3 Qf6 1-0

[Event "Zagreb Open 2011 Grupo B"]
[Site "Zagreb CRO"]
[Date "2011.04.18"]
[Round "9.11"]
[White "Dragojevic, Miodrag"]
[Black "Zecevic, Dean"]
[Result "0-1"]
[WhiteElo "2156"]
[BlackElo "2215"]
[PlyCount "70"]
[EventDate "2011.04.11"]
[EventType "swiss"]
[EventRounds "9"]
[EventCountry "CRO"]
[Source "lmi"]
[SourceDate "2011.04.11"]

1. b4 Nf6 2. Bb2 e6 3. a3 a5 4. b5 c5 5. c4 b6 6. e3 d5 7. Nf3 Nbd7 8. Be2 Bd6
9. Nc3 Bb7 10. d4 O-O 11. O-O Rc8 12. Nd2 cxd4 13. exd4 dxc4 14. Nxc4 Bb8 15.
f4 Ne4 16. Nxe4 Bxe4 17. Rc1 Nf6 18. Bd3 Bxd3 19. Qxd3 Nd5 20. Qe4 Qd7 21. a4
f5 22. Ne5 Qxb5 23. axb5 fxe4 24. Rxc8 Rxc8 25. Nc6 Bd6 26. g4 Rf8 27. f5 exf5
28. gxf5 Ne3 29. Re1 Nc4 30. Bc1 Rxf5 31. Rxe4 Rxb5 32. d5 Rc5 33. Nd8 Rxd5 34.
Rxc4 Bc5+ 35. Rxc5 bxc5 0-1

[Event "Zagreb Open 2011 Grupo B"]
[Site "Zagreb CRO"]
[Date "2011.04.18"]
[Round "9.12"]
[White "Draganic, Stjepan"]
[Black "Strniscak, Tomislav"]
[Result "1/2-1/2"]
[WhiteElo "2157"]
[BlackElo "2212"]
[PlyCount "20"]
[EventDate "2011.04.11"]
[EventType "swiss"]
[EventRounds "9"]
[EventCountry "CRO"]
[Source "lmi"]
[SourceDate "2011.04.11"]

1. d4 d5 2. Bf4 Nf6 3. e3 c5 4. c3 Nc6 5. Nd2 e6 6. Ngf3 Bd6 7. Bxd6 Qxd6 8.
Be2 O-O 9. O-O b6 10. a3 Bb7 1/2-1/2

[Event "Zagreb Open 2011 Grupo B"]
[Site "Zagreb CRO"]
[Date "2011.04.18"]
[Round "9.14"]
[White "Raljic, Mirko"]
[Black "Mihalinec, Damir"]
[Result "1-0"]
[WhiteElo "2127"]
[BlackElo "2238"]
[PlyCount "73"]
[EventDate "2011.04.11"]
[EventType "swiss"]
[EventRounds "9"]
[EventCountry "CRO"]
[Source "lmi"]
[SourceDate "2011.04.11"]

1. e4 c5 2. Nc3 d6 3. g3 Nc6 4. Bg2 g6 5. d3 Bg7 6. f4 Rb8 7. Nf3 b5 8. O-O b4
9. Ne2 Qb6 10. h3 c4+ 11. d4 Nf6 12. Nh4 O-O 13. Be3 a5 14. Qd2 Qc7 15. d5 Na7
16. c3 e6 17. dxe6 Bxe6 18. f5 Bd7 19. g4 Rfe8 20. Ng3 Bc6 21. Bd4 Re5 22. g5
Nd7 23. Qf2 Nb5 24. fxg6 Nxd4 25. cxd4 Rxg5 26. Qxf7+ Kh8 27. Ngf5 Rg8 28. gxh7
Kxh7 29. Nf3 Qd8 30. h4 Rxg2+ 31. Kxg2 Bxe4 32. Kh3 Qe8 33. Ng5+ Kh8 34. Nxd6
Bg2+ 35. Kxg2 Qe2+ 36. Qf2 Qg4+ 37. Qg3 1-0

[Event "Zagreb Open 2011 Grupo B"]
[Site "Zagreb CRO"]
[Date "2011.04.18"]
[Round "9.15"]
[White "Vrsek, Ivan"]
[Black "Brkic, Ivica"]
[Result "1-0"]
[WhiteElo "2204"]
[BlackElo "2133"]
[PlyCount "77"]
[EventDate "2011.04.11"]
[EventType "swiss"]
[EventRounds "9"]
[EventCountry "CRO"]
[Source "lmi"]
[SourceDate "2011.04.11"]

1. d4 Nf6 2. c4 g6 3. Nc3 Bg7 4. g3 O-O 5. Bg2 d6 6. Nf3 c6 7. O-O Nbd7 8. e4
Qc7 9. h3 a6 10. a4 Rb8 11. Re1 e5 12. c5 dxc5 13. dxe5 Ne8 14. e6 fxe6 15. Ng5
Ndf6 16. Qb3 Qe7 17. f4 h6 18. Nf3 Kh7 19. e5 Nd5 20. Nh4 Rg8 21. Be4 Bf8 22.
Qc2 Qf7 23. Ne2 Nec7 24. Ra3 Bd7 25. g4 Be8 26. Rf3 Kh8 27. Kh2 Be7 28. Ng2 b5
29. f5 gxf5 30. gxf5 exf5 31. Rxf5 Qg7 32. Rg1 Bg6 33. Ngf4 Nxf4 34. Nxf4 Bg5
35. Nxg6+ Qxg6 36. Rfxg5 Qe6 37. Rxg8+ Rxg8 38. Rxg8+ Kxg8 39. Qxc5 1-0

[Event "Zagreb Open 2011 Grupo B"]
[Site "Zagreb CRO"]
[Date "2011.04.18"]
[Round "9.17"]
[White "Havas, Juraj"]
[Black "Naglic Franjkovic, Marko"]
[Result "1/2-1/2"]
[WhiteElo "1954"]
[BlackElo "2167"]
[PlyCount "79"]
[EventDate "2011.04.11"]
[EventType "swiss"]
[EventRounds "9"]
[EventCountry "CRO"]
[Source "lmi"]
[SourceDate "2011.04.11"]

1. d4 Nf6 2. c4 e5 3. dxe5 Ng4 4. Nf3 Bc5 5. e3 Nc6 6. Be2 O-O 7. O-O Ncxe5 8.
Nxe5 Nxe5 9. Nc3 Re8 10. b3 a5 11. Bb2 Ra6 12. Ne4 Bf8 13. Ng3 Qh4 14. Qd4 Qh6
15. Rad1 Rg6 16. Bc1 Nc6 17. Qb2 Bd6 18. Rd5 Be5 19. Qb1 Qh4 20. f4 Rh6 21.
fxe5 Qxh2+ 22. Kf2 Rg6 23. Qxg6 hxg6 24. Rh1 Qxh1 25. Nxh1 Rxe5 26. Rxe5 Nxe5
27. Bd2 b6 28. Bc3 d6 29. a3 f5 30. b4 axb4 31. axb4 Be6 32. c5 bxc5 33. bxc5
Kf7 34. cxd6 cxd6 35. Bxe5 dxe5 36. Ng3 g5 37. Bd3 e4 38. Bc2 Kf6 39. Nxe4+
fxe4 40. Bxe4 1/2-1/2

[Event "Zagreb Open 2011 Grupo B"]
[Site "Zagreb CRO"]
[Date "2011.04.18"]
[Round "9.18"]
[White "Ilijas, Dejan"]
[Black "Sribar, Peter"]
[Result "0-1"]
[WhiteElo "1949"]
[BlackElo "2164"]
[PlyCount "62"]
[EventDate "2011.04.11"]
[EventType "swiss"]
[EventRounds "9"]
[EventCountry "CRO"]
[Source "lmi"]
[SourceDate "2011.04.11"]

1. Nf3 c5 2. d3 d5 3. c3 Nc6 4. Bf4 g6 5. Qc2 Bg7 6. e4 e5 7. Bc1 Nge7 8. Be2
O-O 9. O-O h6 10. Nbd2 f5 11. h3 c4 12. exd5 cxd3 13. Bxd3 Nxd5 14. Bc4 Kh7 15.
Nb3 Nb6 16. Be2 e4 17. Nfd4 Ne5 18. Rd1 Qh4 19. Bf1 Nd5 20. Nc5 Qe7 21. b4 b6
22. Ncb3 Bb7 23. a3 Rac8 24. Bb2 Nc4 25. Bxc4 Rxc4 26. Nd2 Rcc8 27. c4 Nf4 28.
Nb5 Qg5 29. g4 Nxh3+ 30. Kh2 Nxf2 31. Bxg7 Nxg4+ 0-1

[Event "Zagreb Open 2011 Grupo B"]
[Site "Zagreb CRO"]
[Date "2011.04.18"]
[Round "9.19"]
[White "Vitaljic, Nebojsa"]
[Black "Barlovic, Tomislav"]
[Result "1-0"]
[WhiteElo "2152"]
[BlackElo "2002"]
[PlyCount "93"]
[EventDate "2011.04.11"]
[EventType "swiss"]
[EventRounds "9"]
[EventCountry "CRO"]
[Source "lmi"]
[SourceDate "2011.04.11"]

1. d4 Nf6 2. Nf3 d6 3. c4 g6 4. Nc3 Bg7 5. Bf4 O-O 6. h3 c6 7. e3 Nbd7 8. Qc2
Qa5 9. Be2 e5 10. Bh2 Ne8 11. O-O f5 12. d5 c5 13. Ng5 Ndf6 14. Ne6 Bxe6 15.
dxe6 Nc7 16. Rfd1 Nxe6 17. Rxd6 Rfe8 18. Nd5 e4 19. Qb3 Nxd5 20. cxd5 Nf8 21.
Qxb7 Rab8 22. Ra6 Rxb7 23. Rxa5 Rxb2 24. Bf1 Nd7 25. Rxa7 Ne5 26. Rd1 Nd3 27.
d6 Rd8 28. Bxd3 exd3 29. Rxg7+ Kxg7 30. Be5+ Kf7 31. Bxb2 Rxd6 32. Bc3 c4 33.
Bb4 Rb6 34. a3 Ke6 35. Kf1 Kd5 36. Ke1 g5 37. Kd2 f4 38. Kc3 Rc6 39. Re1 h5 40.
exf4 gxf4 41. Re8 Rg6 42. Rd8+ Ke4 43. Rd4+ Ke5 44. Kxc4 Rxg2 45. Bd6+ Ke6 46.
Bxf4 Rxf2 47. Bg3 1-0

[Event "Zagreb Open 2011 Grupo B"]
[Site "Zagreb CRO"]
[Date "2011.04.18"]
[Round "9.21"]
[White "Bakalar, Jan"]
[Black "Bozinovic, Bogdan"]
[Result "0-1"]
[WhiteElo "2061"]
[BlackElo "2231"]
[PlyCount "80"]
[EventDate "2011.04.11"]
[EventType "swiss"]
[EventRounds "9"]
[EventCountry "CRO"]
[Source "lmi"]
[SourceDate "2011.04.11"]

1. e4 c5 2. Nf3 d6 3. Bb5+ Nd7 4. d4 Ngf6 5. Bxd7+ Nxd7 6. O-O e6 7. b3 cxd4 8.
Bb2 Be7 9. Bxd4 O-O 10. c4 Qc7 11. Nc3 a6 12. Rc1 b6 13. Qe2 Bb7 14. Nd2 Rac8
15. f3 Qb8 16. Rfd1 Rfe8 17. Nf1 Bc6 18. Qf2 b5 19. cxb5 axb5 20. b4 Qb7 21. a3
Ra8 22. Nb1 Ra6 23. Nfd2 e5 24. Be3 d5 25. exd5 Bxd5 26. Nc3 Be6 27. Ndb1 f5
28. Qe2 Bc4 29. Qc2 Be6 30. Qd3 Rb8 31. Nd5 Bd8 32. Kh1 Nf6 33. Nxf6+ Bxf6 34.
Bc5 Rd8 35. Qe3 Bd5 36. Rd2 h6 37. h4 e4 38. fxe4 Bxe4 39. Rxd8+ Bxd8 40. Qf2
Rg6 0-1

[Event "Zagreb Open 2011 Grupo B"]
[Site "Zagreb CRO"]
[Date "2011.04.18"]
[Round "9.22"]
[White "Sunjic, Vitomir"]
[Black "Mesko, Andrej"]
[Result "1/2-1/2"]
[WhiteElo "2212"]
[BlackElo "2042"]
[PlyCount "29"]
[EventDate "2011.04.11"]
[EventType "swiss"]
[EventRounds "9"]
[EventCountry "CRO"]
[Source "lmi"]
[SourceDate "2011.04.11"]

1. d4 Nf6 2. Nf3 e6 3. Bf4 d5 4. e3 c5 5. Nbd2 Nc6 6. c3 Bd6 7. Bg3 O-O 8. Bd3
b6 9. O-O Bxg3 10. hxg3 Qc7 11. Qe2 e5 12. dxe5 Nxe5 13. Nxe5 Qxe5 14. Nf3 Qh5
15. Nh4 1/2-1/2

[Event "Zagreb Open 2011 Grupo B"]
[Site "Zagreb CRO"]
[Date "2011.04.18"]
[Round "9.24"]
[White "Soldo, Robert"]
[Black "Hibner, Branko"]
[Result "1/2-1/2"]
[WhiteElo "2200"]
[BlackElo "2019"]
[PlyCount "69"]
[EventDate "2011.04.11"]
[EventType "swiss"]
[EventRounds "9"]
[EventCountry "CRO"]
[Source "lmi"]
[SourceDate "2011.04.11"]

1. d4 d5 2. c4 e6 3. Nc3 Nf6 4. cxd5 exd5 5. Bg5 c6 6. e3 Be7 7. Qc2 Be6 8. Bd3
Ng4 9. Bxe7 Qxe7 10. h3 Nf6 11. Nge2 h6 12. Nf4 Nbd7 13. O-O O-O 14. Rfe1 Qd6
15. Nxe6 Qxe6 16. e4 dxe4 17. Nxe4 Nxe4 18. Bxe4 Qd6 19. Qb3 Rab8 20. Bf3 Nf6
21. Rad1 Qc7 22. Qa3 Qb6 23. Re3 a6 24. Rb3 Qc7 25. Qc5 Nd7 26. Qf5 Qd6 27. Qa5
Nf6 28. d5 cxd5 29. Bxd5 Nxd5 30. Rxd5 Qf6 31. Rb6 Qe7 32. Qd2 Rbd8 33. Rbd6
Rxd6 34. Rxd6 Re8 35. g3 1/2-1/2

[Event "Zagreb Open 2011 Grupo B"]
[Site "Zagreb CRO"]
[Date "2011.04.18"]
[Round "9.25"]
[White "Zelenika, Zoran"]
[Black "Frank, Vladimir"]
[Result "1-0"]
[WhiteElo "2058"]
[BlackElo "2178"]
[PlyCount "61"]
[EventDate "2011.04.11"]
[EventType "swiss"]
[EventRounds "9"]
[EventCountry "CRO"]
[Source "lmi"]
[SourceDate "2011.04.11"]

1. Nf3 c5 2. g3 d5 3. Bg2 Nc6 4. d4 Nf6 5. O-O Bf5 6. c3 e6 7. dxc5 Bxc5 8. b4
Bb6 9. a4 a6 10. Ba3 Rc8 11. Nbd2 a5 12. Nh4 axb4 13. cxb4 Bg4 14. h3 Bh5 15.
g4 Bg6 16. Nxg6 hxg6 17. e3 Ne5 18. a5 Ba7 19. Qa4+ Qd7 20. Qxd7+ Kxd7 21. b5
Bc5 22. g5 Ng8 23. Bb2 f6 24. Nb3 Bd6 25. a6 bxa6 26. bxa6 fxg5 27. a7 Nf6 28.
Ra6 Ra8 29. Bxe5 Bxe5 30. Nc5+ Kc8 31. Nxe6 1-0

[Event "Zagreb Open 2011 Grupo B"]
[Site "Zagreb CRO"]
[Date "2011.04.18"]
[Round "9.26"]
[White "Glazar, Domagoj"]
[Black "Margitic, Zdravko"]
[Result "1/2-1/2"]
[WhiteElo "2057"]
[BlackElo "2145"]
[PlyCount "74"]
[EventDate "2011.04.11"]
[EventType "swiss"]
[EventRounds "9"]
[EventCountry "CRO"]
[Source "lmi"]
[SourceDate "2011.04.11"]

1. d4 d5 2. Nf3 Nf6 3. c4 c6 4. Nc3 g6 5. Bg5 Bg7 6. e3 O-O 7. Be2 a5 8. O-O
Nbd7 9. cxd5 cxd5 10. Rc1 Nb6 11. b3 h6 12. Bf4 Nh5 13. Be5 Bxe5 14. Nxe5 Ng7
15. Qd2 Nf5 16. Nb5 Nd6 17. Nxd6 Qxd6 18. Rc5 a4 19. b4 Nd7 20. Nxd7 Bxd7 21.
a3 b6 22. Rc3 Rfc8 23. Rfc1 Rxc3 24. Rxc3 Rc8 25. Rxc8+ Bxc8 26. Qc3 Bd7 27. h3
f6 28. Bg4 Qc6 29. Qxc6 Bxc6 30. Be2 b5 31. Bd3 Kf7 32. g4 g5 33. f4 e5 34.
fxe5 fxe5 35. Bf5 Kf6 36. Kf2 h5 37. Bc8 h4 1/2-1/2